000
00343nam a2200145Ia 4500
008
230718s9999 xx 000 0 und d
041
_a
Eng.
082
_a
822.3
_b
SHA-A
100
_a
Shakespeare, veilliam
245
2
_a
A mind nights Dream
260
_a
Pakistan
_b
London and New York
_c
1994
300
_a
275
650
_a
Law
999
_c
26207
_d
26207